000 01284cam a22001934a 4500
005 20250605164407.0
008 250528s ||||||||||||||||||||||||d
035 _a24871
020 _a9780273754602
040 _aGR-AtMCL
_bgre
_dGR-AtMCL
_eAACR2
245 1 _aMicroeconomics / Global Edition: Sixth Edition
250 _a6th
300 _a844
520 _aThis new edition provides students with the latest coverage of micro economic theory and explores how firms and policymakers use this micro economic models to analyze and solve problems. Preface, Introduction, Supply and Demand, Applying the Supply-and-Demand Model, Consumer Choice, Applying the Consumer Theory, Firms and Production, Costs, Competitive Firms and Markets, Applying the Competitive Model, General Equilibrium and Economic Welfare, Monopoly, Pricing and Advertising, Oligopoly and Monopolistic Competition, Game Theory, Factor Markets, Interest Rates and Investments and Capital Markets, Uncertainty, Externalities and Open Access and Public Goods, Asymmetric Information, Contracts and Moral Hazards, Appendices, Answer to Selected Questions and Problems, Sources for Applications, References, Index, Credits.
700 1 _aPerloff Jeffrey M
_93536
942 _cBK
999 _c9708
_d9708